| 000 | 00464nam a22001937a 4500 | ||
|---|---|---|---|
| 003 | MPLRDC | ||
| 005 | 20220104143415.0 | ||
| 008 | 210129b ||||| |||| 00| 0 eng d | ||
| 020 | _a983-9377-02-7 | ||
| 082 | _a868.71 YN-4 | ||
| 100 | _a叶宁 | ||
| 245 |
_a飞越黑狗啤的师奶 _c |
||
| 250 | _a初版 | ||
| 260 |
_a _b丹袖出版社 _c1996 |
||
| 300 | _b平 | ||
| 490 | _a丹袖出版系列. 3 | ||
| 650 | _a马华文学 | ||
| 942 |
_cBK _o868.71 YN-4 |
||
| 999 |
_c39590 _d39580 |
||